000 00206 a2200097 4500
001 46436
100 _aYousaf, Ja
245 _aGareezan
260 _aSargodha
_bMaktab Urdu Zuban
_c
090 _c29536
_d29536
942 _aNUST-CAE
_cM
_c21709
999 _c281509
_d281509